Hablemos con Jesús 2 / (Registro nro. 9385)

Detalles MARC
000 -LIDER
fixed length control field 00685nam a22002657a 4500
001 - NÚMERO DE CONTROL
Identificador de número de control 000201
003 - IDENTIFICACDOR DE NÚMERO DE CONTROL
control field DO-SdBNP
005 - DATE AND TIME OF LATEST TRANSACTION
control field 20180307130259.0
007 - CAMPOS FIJOS DE DESCRIPCIÓN FÍSICA
fixed length control field 000201
008 - ELEMENTOS DE LONGITUD FIJA
fixed length control field 151210b 1977 ve a 00| 0 spa d
040 ## - FUENTE DE CATALOGACIÓN
Agencia que crea de manera original el registro BPMSU
Idioma de catalogación spa
Agencia que realiza la transcripción BPMSU
092 ## - LOCALLY ASSIGNED DEWEY DECIMAL CALL NUMBER
Número de clasificación xxxx
Número de ítem (Cutter) xxxx
100 1# - ASIENTO PRINCIPAL -- NOMBRE PERSONAL
Nombre personal Herrero H., Ricardo
245 10 - MENCIÓN DE TITULO
Título Hablemos con Jesús 2 /
Mención de responsabilidad Ricardo Herrero H.
260 ## - PUBLICACIÓN, DISTRIBUCIÓN, ETC. (PIE DE IMPRENTA)
Lugar de publicación, distribución, etc Caracas ;
Nombre del editor, distribuidor, etc. Ediciones Co-Bo,
Fecha de publicación, distribución, etc 1977.
300 ## - DESCRIPCIÓN FÍSICA
Extensión 64 p.;
Otros detalles físicos il.
Dimensiones 24 cm.
490 1# - MENCIÓN DE SERIES
Mención de serie Vida
500 ## - NOTA GENERAL
Nota general Libro de texto
586 ## - AWARDS NOTE
Awards note Premio Ministerio de Cultura J. Buigas
830 #0 - ASIENTO SECUNDARIO DE SERIE--TÍTULO UNIFORME
Título uniforme Vida
910 ## - VALIDACIÓN
Validación 00144
942 ## - ADDED ENTRY ELEMENTS (KOHA)
Source of classification or shelving scheme Dewey Decimal Classification
Koha item type Libros
945 ## - INFORMACIÓN DE PROCESAMIENTO LOCAL
Información de procesamiento local inventariado, 2018 / dg
956 ## - LOCAL ELECTRONIC LOCATION AND ACCESS (OCLC)
Nombre de host Yngrid Lockward
Número de acceso 10
Existencias
Withdrawn status Lost status Source of classification or shelving scheme Damaged status Not for loan Home library Current library Date acquired Source of acquisition Total Checkouts Barcode Date last seen Price effective from Koha item type
    Dewey Decimal Classification     Biblioteca Pública Metropolitana Salomé Ureña Biblioteca Pública Metropolitana Salomé Ureña 03/28/2016 Donación   BPMSU16030268 03/28/2016 03/28/2016 Libros